LEADER 02097nam0 22005053i 450 001 VAN00288712 005 20250512081217.376 017 70$2N$a9781461209478 100 $a20250310d1991 |0itac50 ba 101 $aeng 102 $aUS 105 $a|||| ||||| 181 $ai$b e 182 $ab 183 $acr 200 1 $aDynamical Issues in Combustion Theory$fPaul C. Fife, Amable Liñán, Forman Williams Editors 210 $aNew York [etc.]$cSpringer$d1991 215 $axiii, 257 p.$cill.$d24 cm 410 1$1001VAN00027033$12001 $aˆThe ‰IMA volumes in mathematics and its applications$1210 $aNew York [etc.]$cSpringer$v35 606 $a65Pxx$xNumerical problems in dynamical systems [MSC 2020]$3VANC030747$2MF 606 $a76Fxx$xTurbulence [MSC 2020]$3VANC023434$2MF 606 $a80A25$xCombustion [MSC 2020]$3VANC022804$2MF 606 $a80A30$xChemical kinetics in thermodynamics and heat transfer [MSC 2020]$3VANC031249$2MF 606 $a80A32$xChemically reacting flows [MSC 2020]$3VANC023431$2MF 610 $aChaos$9KW:K 610 $aCombustion$9KW:K 610 $aGeometry$9KW:K 610 $aMathematical modeling$9KW:K 610 $aModeling$9KW:K 610 $aStability$9KW:K 610 $aTurbulence$9KW:K 610 $aWaves$9KW:K 620 $aUS$dNew York$3VANL000011 702 1$aFife$bPaul C.$3VANV215638$4340 702 1$aLiñán$bAmable$3VANV243361$4340 702 1$aWilliams$bForman$3VANV243362$4340 712 $aSpringer $3VANV108073$4650 801 $aIT$bSOL$c20250516$gRICA 856 4 $uhttps://doi.org/10.1007/978-1-4612-0947-8$zE-book ? Accesso al full-text attraverso riconoscimento IP di Ateneo, proxy e/o Shibboleth 899 $aBIBLIOTECA DEL DIPARTIMENTO DI MATEMATICA E FISICA$1IT-CE0120$2VAN08 912 $fN 912 $aVAN00288712 950 $aBIBLIOTECA DEL DIPARTIMENTO DI MATEMATICA E FISICA$d08DLOAD e-Book 10975 $e08eMF10975 20250328 996 $aDYNAMICAL issues in combustion theory$9126496 997 $aUNICAMPANIA